Les poetes français - Statistiques

Statistiques générales
  • Ce quiz a été pris 611 fois
  • Le résultat moyen est 12 sur 19
Statistiques - réponses
Indice Prénom Nom % Correct
Les fleurs du mal Charles Baudelaire
95%
"L'oeil était dans la tombe et regardait Caïn" Victor Hugo
94%
"La raison du plus fort est toujours la meilleure" Jean de La Fontaine
89%
"C'est un trou de verdure où chante une rivière" Arthur Rimbaud
88%
Le pont Mirabeau Guillaume Apollinaire
83%
A George Sand Alfred de Musset
82%
" Les sanglots longs des violons de l'automne blessent mon coeur Paul Verlaine
75%
"Heureux qui comme Ulysse a fait un beau voyage" Joachim du Bellay
72%
Léo Ferré, Jean Ferrat, Georges Brassens ont chanté ses poèmes Louis Aragon
70%
Pour faire le portrait d'un oiseau Jacques Prevert
68%
"Mignonne allons voir si la rose Pierre de Ronsard
67%
"Un seul être vous manque et tout et dépeuplé" Alphonse de Lamartine
66%
Mémoires d'outre-tombe François-René de Chateaubriand
60%
"Souvent dans l'être obscur habite un Dieu caché." Gérard de Nerval
51%
"Nous partîmes cinq cents , mais par un prompt renfort ..." Pierre Corneille
41%
"J'aime le son du cor, le soir au fond des bois" Alfred de Vigny
40%
"Frères humains, qui après nous vivez" François Villon
34%
"Et rose elle a vécu ce que vivent les roses." François de Malherbe
10%
"que sont mes amis devenus que j'avais de si près tenus..." Rutebeuf
8%
Aucun quiz correspondant
Distribution des résultats
% des personnes avec chaque résultat
Percentile par nombre de réponses
Votre historique - résultats
Vous n’avez pas pris ce quiz